Los ojos amarillos de los cocodrilos / (Registro nro. 29519)

Detalles MARC
000 -CABECERA
campo de control de longitud fija 01275nam a22002297a 4500
008 - CÓDIGOS DE INFORMACIÓN DE LONGITUD FIJA
fixed length control field 220708s2006 sp ||||er|||| 00| f spa d
020 ## - NÚMERO INTERNACIONAL NORMALIZADO PARA LIBROS
ISBN 9788467255690
040 ## - Fuente de catalogación
Agencia original de catalogación CO-JMCR
Agencia de modificación CO-JMCR
041 1# - CÓDIGO DE LENGUA
Código idioma spa
Language code of original eng
082 ## - NÚMERO DE LA CLASIFICACIÓN DECIMAL DEWEY
Número de clasificación Decimal A-N
Número de documento (Cutter) PANo
100 1# - PUNTO DE ACCESO PRINCIPAL-NOMBRE DE PERSONA
Nombre personal Pancol, Katherine
Término de función/relación autora
9 (RLIN) 42127
245 ## - TÍTULO PROPIAMENTE DICHO
Título Los ojos amarillos de los cocodrilos /
Mención de responsabilidad, etc. Katherine Pancol ; traducción de Juan Carlos Durán Romero
260 ## - PUBLICACIÓN, DISTRIBUCIÓN, ETC. (PIE DE IMPRENTA)
Lugar de publicación, distribución, etc. Barcelona, España :
Nombre del editor, distribuidor, etc. Circulos de kectores,
Fecha de publicación, distribución, etc. 2006.
300 ## - DESCRIPCIÓN FÍSICA
Extensión 549 páginas ;
Dimensiones 23 cm.
520 0# - RESUMEN, ETC.
Resumen,etc. Los papeles de las dos hermanas siempre han estado claros: Joséphine, la modélica madre de clase media, e Iris, la exuberante esposa-trofeo de un triunfador. Pero ahora ambas se hallan en un callejón sin salida, y les tocará llegar a un acuerdo para cambiar el guión. Una gran representación ante sus propias familias y amigos que, aunque ba sada en una gran mentira, acabará sacando a la luz la verdadera mujer que cada una de ellas lleva dentro.
650 14 - TÉRMINO DE MATERIA
9 (RLIN) 42128
650 24 - TÉRMINO DE MATERIA
9 (RLIN) 42129
650 24 - TÉRMINO DE MATERIA
9 (RLIN) 42130
650 24 - TÉRMINO DE MATERIA
9 (RLIN) 42131
700 1# - AUTOR SECUNDARIO - PERSONA
Nombre de persona Durán Romero, Juan Carlos
9 (RLIN) 42132
Existencias
Withdrawn status Lost status Source of classification or shelving scheme Damaged status Not for loan Home library Current library Shelving location Date acquired Source of acquisition Total Checkouts Full call number Barcode Date last seen Copy number Price effective from Koha item type
    Dewey Decimal Classification     Biblioteca Pública José María del Castillo y Rada Biblioteca Pública José María del Castillo y Rada Processing Center   Donación   A-N PANo 201811533 07/08/2022 Ej.1 07/08/2022 Books